[Event "80th DEN-ch"]
[Site "Nyborg DEN"]
[Date "2001.04.13"]
[Round "7"]
[White "Pedersen, Steffen"]
[Black "Rasmussen, Karsten"]
[WhiteElo "2463"]
[BlackElo "2415"]
[Result "1-0"]
[EventDate "2001.04.07"]
[PlyCount "63"]
[EventCategory "8"]
[Source "ChessBase"]
[SourceDate "2001.07.05"]

1. d4 d5 2. c4 c6 3. Nf3 Nf6 4. Nc3 e6 5. Bg5 h6 6. Bh4 dxc4 7. e4 g5 8. Bg3 b5
9. Be2 Bb7 10. Ne5 Nbd7 11. O-O Bg7 12. f4 Nxe5 13. dxe5 Nd7 14. f5 Qb6+ 15.
Bf2 c5 16. fxe6 fxe6 17. Bh5+ Ke7 18. Qd6+ Qxd6 19. exd6+ Kxd6 20. e5+ Nxe5 21.
Bg3 Kc6 22. Rae1 b4 23. Bxe5 Bxe5 24. Rxe5 bxc3 25. Rxe6+ Kd7 26. Bg4 h5 27.
Rf7+ Kd8 28. Bf5 Bc8 29. Rd6+ Ke8 30. Bg6 Rh6 31. Rh7+ Kf8 32. Rd8# 1-0

[Event "80th DEN-ch"]
[Site "Nyborg DEN"]
[Date "2001.04.13"]
[Round "7"]
[White "Schandorff, Lars"]
[Black "Boe, Mads"]
[WhiteElo "2518"]
[BlackElo "2389"]
[Result "1-0"]
[EventDate "2001.04.07"]
[PlyCount "77"]
[EventCategory "8"]
[Source "ChessBase"]
[SourceDate "2001.07.05"]

1. d4 f5 2. g3 Nf6 3. Bg2 e6 4. c4 Be7 5. Nf3 O-O 6. O-O d6 7. Nc3 Qe8 8. Qc2
Bd8 9. e4 fxe4 10. Nxe4 Nc6 11. Nxf6+ Bxf6 12. Be3 Qh5 13. Rad1 e5 14. dxe5
Bxe5 15. Ng5 Bf5 16. Qb3 Rab8 17. f4 Bf6 18. c5+ Kh8 19. cxd6 cxd6 20. Rxd6
Rbe8 21. Bc5 Be7 22. Bf3 Bxd6 23. Bxd6 Qg6 24. Bxf8 Rxf8 25. Qxb7 Nd4 26. Bd5
h6 27. Nf3 Nxf3+ 28. Bxf3 Rc8 29. Qxa7 Rc2 30. Qd4 h5 31. Re1 Kh7 32. Re2 Rc1+
33. Kf2 h4 34. Be4 h3 35. Bf3 Bg4 36. Be4 Bf5 37. Bf3 Bg4 38. Qe3 Bf5 39. Qxc1
1-0

[Event "80th DEN-ch"]
[Site "Nyborg DEN"]
[Date "2001.04.14"]
[Round "8"]
[White "Berg, Klaus"]
[Black "Fries-Nielsen, Jens Ove"]
[WhiteElo "2418"]
[BlackElo "2390"]
[Result "1/2-1/2"]
[EventDate "2001.04.07"]
[PlyCount "20"]
[EventCategory "8"]
[Source "ChessBase"]
[SourceDate "2001.07.05"]

1. d4 d5 2. Nf3 Nf6 3. c4 e6 4. Nc3 Be7 5. Bg5 h6 6. Bh4 O-O 7. e3 b6 8. Bd3
Bb7 9. O-O Nbd7 10. Qe2 a6 1/2-1/2

[Event "80th DEN-ch"]
[Site "Nyborg DEN"]
[Date "2001.04.14"]
[Round "8"]
[White "Boe, Mads"]
[Black "Pilgaard, Kim"]
[WhiteElo "2389"]
[BlackElo "2424"]
[Result "0-1"]
[EventDate "2001.04.07"]
[PlyCount "152"]
[EventCategory "8"]
[Source "ChessBase"]
[SourceDate "2001.07.05"]

1. d4 Nf6 2. c3 b6 3. Bg5 e6 4. Nd2 Bb7 5. Ngf3 Be7 6. e3 h6 7. Bh4 d6 8. Bd3
c5 9. Qe2 O-O 10. O-O Nh5 11. Bg3 a5 12. a4 Nc6 13. Rfd1 Qc7 14. Rac1 Rfe8 15.
e4 Nxg3 16. hxg3 Bf6 17. Qe3 Rac8 18. Re1 e5 19. d5 Ne7 20. Bb5 Rf8 21. Nh2 Qd8
22. Ng4 Ng6 23. Nxf6+ Qxf6 24. Nc4 Qd8 25. g4 Rb8 26. f3 Bc8 27. g3 Qe7 28. Qd3
Rd8 29. Kf2 Bd7 30. Ne3 Qe8 31. c4 Qe7 32. Rh1 Bc8 33. Rh5 Nf8 34. Rch1 Nh7 35.
Ke2 Ra8 36. Bc6 Rb8 37. Nf1 Qf6 38. Nd2 Ng5 39. Qe3 Qg6 40. Kd3 Nh7 41. R5h4
Kf8 42. Kc2 Nf6 43. Nb1 Ke7 44. Nc3 Ba6 45. Kb3 Rf8 46. Nd1 Kd8 47. Nf2 Ng8 48.
Kc3 Kc7 49. Qe2 Rbd8 50. Nd1 Ne7 51. Bb5 Bc8 52. Ne3 Qf6 53. Kb3 Qg6 54. Ka2
Kb8 55. Qd3 Qf6 56. Rf1 Qg6 57. Kb1 Ng8 58. Rh2 Nf6 59. Ng2 Rh8 60. Qe3 Bxg4
61. Nh4 Qg5 62. f4 Qh5 63. Rhh1 Bc8 64. Nf5 Qg6 65. fxe5 Ng4 66. Qe2 Nxe5 67.
Qe3 f6 68. g4 Nxg4 69. Qg3 Kc7 70. Rhg1 h5 71. Ka2 Qf7 72. e5 dxe5 73. d6+ Kb8
74. Qd3 Bd7 75. Qb3 Bxf5 76. Bc6 Ka7 0-1

[Event "80th DEN-ch"]
[Site "Nyborg DEN"]
[Date "2001.04.14"]
[Round "8"]
[White "Nielsen, Peter Heine"]
[Black "Pedersen, Steffen"]
[WhiteElo "2585"]
[BlackElo "2463"]
[Result "1-0"]
[EventDate "2001.04.07"]
[PlyCount "77"]
[EventCategory "8"]
[Source "ChessBase"]
[SourceDate "2001.07.05"]

1. c4 Nf6 2. Nc3 g6 3. Nf3 Bg7 4. g3 O-O 5. Bg2 d6 6. d4 Nc6 7. O-O a6 8. d5
Na5 9. Nd2 c5 10. Rb1 Rb8 11. b3 b5 12. Qc2 Bf5 13. e4 Bd7 14. Bb2 bxc4 15.
bxc4 Bh6 16. f4 e5 17. Ne2 exf4 18. gxf4 Nh5 19. h3 Rb4 20. a3 Rb8 21. Bc3 Rxb1
22. Qxb1 Qc7 23. Qd3 Nb7 24. Qe3 f6 25. Ng3 Ng7 26. Qe2 Qd8 27. e5 fxe5 28.
fxe5 dxe5 29. Rxf8+ Qxf8 30. Nf3 Nf5 31. Nxf5 Qxf5 32. Nxe5 Qb1+ 33. Be1 Bf5
34. Ng4 Bf8 35. d6 Bxd6 36. Qe8+ Kg7 37. Bxb7 Bxg4 38. hxg4 Qb2 39. Qd7+ 1-0

[Event "80th DEN-ch"]
[Site "Nyborg DEN"]
[Date "2001.04.14"]
[Round "8"]
[White "Rasmussen, Karsten"]
[Black "Lindfeldt, Jan Magnus"]
[WhiteElo "2415"]
[BlackElo "2330"]
[Result "1-0"]
[EventDate "2001.04.07"]
[PlyCount "83"]
[EventCategory "8"]
[Source "ChessBase"]
[SourceDate "2001.07.05"]

1. c4 e5 2. g3 Nc6 3. Bg2 f5 4. Nc3 Nf6 5. a3 a5 6. d3 Be7 7. Nf3 O-O 8. O-O
Qe8 9. Rb1 d6 10. b4 axb4 11. axb4 Qh5 12. Nd5 Nxd5 13. cxd5 Nb8 14. Qc2 Bd8
15. Bd2 Nd7 16. Ra1 Rb8 17. Ra7 Kh8 18. b5 Nb6 19. Ba5 f4 20. Bxb6 cxb6 21.
Rfa1 fxg3 22. hxg3 Bd7 23. Ra8 Be7 24. Rxb8 Rxb8 25. Qc7 Qe8 26. Qxb6 Bxb5 27.
Nd2 Ba6 28. Ne4 Qd8 29. Qb4 Rc8 30. Qb3 Qc7 31. Bh3 Qc2 32. Qa3 Rc7 33. Bg4 g6
34. Qb4 h5 35. Bf3 Kg8 36. g4 hxg4 37. Bxg4 Bc4 38. Qa5 Bb3 39. Kg2 Kg7 40. Rh1
b6 41. Qa8 Bf8 42. Ng5 1-0

[Event "80th DEN-ch"]
[Site "Nyborg DEN"]
[Date "2001.04.14"]
[Round "8"]
[White "Schandorff, Lars"]
[Black "Mortensen, Erling"]
[WhiteElo "2518"]
[BlackElo "2440"]
[Result "1/2-1/2"]
[EventDate "2001.04.07"]
[PlyCount "87"]
[EventCategory "8"]
[Source "ChessBase"]
[SourceDate "2001.07.05"]

1. Nf3 d6 2. d4 g6 3. c4 Bg7 4. Nc3 Nd7 5. e4 e5 6. Be2 Ngf6 7. O-O O-O 8. Be3
Ng4 9. Bg5 f6 10. Bd2 Nh6 11. Qc2 c6 12. Rad1 Qe7 13. b4 f5 14. Bg5 Qe8 15. d5
Nf7 16. Bc1 Nf6 17. dxc6 bxc6 18. Ng5 f4 19. Nxf7 Rxf7 20. c5 dxc5 21. bxc5 Bf8
22. Na4 Be6 23. f3 g5 24. Bc4 Rb8 25. Ba3 Rg7 26. Nb2 g4 27. Bxe6+ Qxe6 28. Qc4
Re8 29. Qxe6+ Rxe6 30. Kh1 gxf3 31. gxf3 Rb7 32. Nd3 Re8 33. Rc1 Nd7 34. Kg2
Reb8 35. Rc2 Kf7 36. Kf2 Rb1 37. Rcc1 R1b5 38. Rc3 Ra5 39. Rfc1 Ra4 40. Ke2 Be7
41. R1c2 Ke6 42. Rb2 Rxb2+ 43. Nxb2 Ra5 44. Nd3 1/2-1/2

[Event "80th DEN-ch"]
[Site "Nyborg DEN"]
[Date "2001.04.15"]
[Round "9"]
[White "Fries-Nielsen, Jens Ove"]
[Black "Rasmussen, Karsten"]
[WhiteElo "2390"]
[BlackElo "2415"]
[Result "1-0"]
[EventDate "2001.04.07"]
[PlyCount "59"]
[EventCategory "8"]
[Source "ChessBase"]
[SourceDate "2001.07.05"]

1. e4 c6 2. d4 d5 3. e5 Bf5 4. Nd2 e6 5. Nb3 Nd7 6. Nf3 Ne7 7. Be2 Bg4 8. O-O
c5 9. Nxc5 Nxc5 10. dxc5 Nc6 11. Be3 Bxf3 12. Bxf3 Nxe5 13. Bd4 Nc6 14. c4 dxc4
15. Qa4 Qd7 16. Rad1 Nxd4 17. Qxd7+ Kxd7 18. Rxd4+ Kc7 19. Rfd1 Bxc5 20. Rxc4
Kb6 21. b4 Bf8 22. Rd7 Rb8 23. Rxf7 Kb5 24. Be2 Bxb4 25. Rxg7 Ka4 26. Re4 a5
27. Rg3 Rbc8 28. h4 Rc1+ 29. Kh2 Ra1 30. Re5 1-0

[Event "80th DEN-ch"]
[Site "Nyborg DEN"]
[Date "2001.04.15"]
[Round "9"]
[White "Lindfeldt, Jan Magnus"]
[Black "Nielsen, Peter Heine"]
[WhiteElo "2330"]
[BlackElo "2585"]
[Result "1/2-1/2"]
[EventDate "2001.04.07"]
[PlyCount "117"]
[EventCategory "8"]
[Source "ChessBase"]
[SourceDate "2001.07.05"]

1. e4 e6 2. d4 d5 3. e5 c5 4. c3 Nc6 5. Nf3 Qb6 6. a3 Nh6 7. b4 cxd4 8. cxd4
Nf5 9. Bb2 Bd7 10. g4 Nfe7 11. Nc3 Na5 12. Na4 Qc6 13. b5 Qc7 14. Nd2 Nc4 15.
Nxc4 dxc4 16. Nc3 Nd5 17. Bg2 Nxc3 18. Bxc3 Bxb5 19. d5 exd5 20. Qxd5 Bc6 21.
Qxc4 Rc8 22. Bxc6+ Qxc6 23. Qxc6+ Rxc6 24. Bb4 Rc4 25. Ke2 Bxb4 26. axb4 Rxb4
27. Rxa7 Kd7 28. Rd1+ Ke6 29. Rd6+ Ke7 30. f4 Rc8 31. Kd3 Rc1 32. Ra8 Rxf4 33.
Rb6 Rc7 34. Rh8 h6 35. h3 Rf3+ 36. Ke4 Rxh3 37. Rh7 Rc6 38. Rxb7+ Ke6 39. Rb4
g6 40. Rh8 f5+ 41. exf6 Kxf6 42. Kf4 g5+ 43. Ke4 Re6+ 44. Kd5 Rd3+ 45. Kc4 Rh3
46. Kd5 Re5+ 47. Kd4 Re7 48. Rf8+ Kg7 49. Rbb8 Rh4 50. Rg8+ Kh7 51. Rh8+ Kg6
52. Kd5 Rh1 53. Rhg8+ Rg7 54. Rb6+ Kh7 55. Rxg7+ Kxg7 56. Rb7+ Kf6 57. Rb6+ Kg7
58. Rb7+ Kf6 59. Rb6+ 1/2-1/2

[Event "80th DEN-ch"]
[Site "Nyborg DEN"]
[Date "2001.04.15"]
[Round "9"]
[White "Pilgaard, Kim"]
[Black "Berg, Klaus"]
[WhiteElo "2424"]
[BlackElo "2418"]
[Result "0-1"]
[EventDate "2001.04.07"]
[PlyCount "104"]
[EventCategory "8"]
[Source "ChessBase"]
[SourceDate "2001.07.05"]

1. e4 d5 2. exd5 Qxd5 3. Nc3 Qa5 4. Nf3 c6 5. d4 Bf5 6. Be2 Nf6 7. O-O e6 8.
Bf4 Nbd7 9. a3 Be7 10. b4 Qd8 11. Nh4 Bg6 12. Bf3 O-O 13. Nxg6 hxg6 14. b5 Rc8
15. bxc6 bxc6 16. Bg3 Qa5 17. Ne4 Nxe4 18. Bxe4 Nf6 19. Bf3 Rfd8 20. Be5 Nd7
21. Bf4 Nb6 22. Bd2 Qf5 23. c3 c5 24. Be3 cxd4 25. cxd4 Bf6 26. Rc1 Qa5 27.
Rxc8 Rxc8 28. Qa1 Rd8 29. Rd1 Qa4 30. g3 Nc4 31. Qa2 Nxe3 32. fxe3 Rc8 33. Qb2
Bg5 34. Rd3 Rc2 35. Qb3 Rc1+ 36. Kg2 Qa5 37. Qb4 Rc2+ 38. Kg1 Qf5 39. Qb8+ Kh7
40. Qb3 Qxf3 41. Qxc2 Bxe3+ 42. Rxe3 Qxe3+ 43. Qf2 Qxf2+ 44. Kxf2 g5 45. Ke3 f5
46. a4 Kg6 47. a5 Kf6 48. a6 g4 49. Kf4 g5+ 50. Ke3 Ke7 51. Kd3 Kd6 52. Kc4 Kc6
0-1